000 00432nam a2200157Ia 4500
008 220204s9999 xx 000 0 und d
020 _a853832227
082 _a630*006.063
_bUPT
100 _aBass, Stephen
245 4 _aThe forest certification handbook
260 _aUK
_bEarthscan Publications
_c1995
650 _aForestry standards
650 _aSustainable forest management
700 _aUpton, Christopher
942 _cBK
999 _c42296
_d42296